Un crimen sentimental: amor y locura en el siglo XVIII

Guardat en:
Dades bibliogràfiques
Autor principal: Brewer, John (Autor)
Format: Llibre
Idioma:espanyol
Publicat: Madrid Siglo 21 2006
Edició:1a. ed
Matèries:
Etiquetes: Afegir etiqueta
Sense etiquetes, Sigues el primer a etiquetar aquest registre!

MARC

LEADER 00000nam a2200000 a 4500
001 UCI0646
003 CL-VaPUC
008 070518e20060000SP |||||||||||||||||spa|d
020 |a 8432312401 
082 0 4 |a 823  |b BRE  |2 21 
100 0 |a Brewer, John  |e author  |9 520810 
245 1 3 |a Un crimen sentimental: amor y locura en el siglo XVIII 
250 |a 1a. ed 
300 |a 324 p 
942 |c BK 
945 |d 20070518 00:00:00  |a jtorresc 
260 |a Madrid  |b Siglo 21  |c 2006 
650 0 |a Literatura inglesa  |9 312907 
650 0 |a Literatura clásica   |9 375458 
583 |a last modification  |c 20140404 05:45:14  |k Rodrigo Vera 
999 |c 325717  |d 325715 
952 |0 0  |1 0  |4 0  |6 823_000000000000000_BRE_2006  |7 0  |8 A  |9 406990  |a BIBHIS  |b BIBHIS  |d 2019-11-22  |i 4333845  |o 823 BRE 2006  |p 4333845  |r 2025-01-20  |w 2019-11-22  |y BK  |k HIS